00146 a2200073 450000100060000010000160000624500210002226000290004330722 aSiddle, W D aThe story of oil aEnglaandbLadybird Bksc